[Event "RD-2012-0-00081"]
[Site "LSS email"]
[Date "2013.04.06"]
[Round "?"]
[White "Camps, Jean Pierre"]
[Black "Mena, Meza"]
[Result "1-0"]
[WhiteElo "1629"]
[BlackElo "1500"]
[PlyCount "51"]
[EventDate "2012.11.28"]
[EventType "tourn (corr)"]
[EventRounds "6"]
[EventCountry "GER"]
[SourceTitle "Telechess CBM 161"]
[Source "ChessBase"]
[SourceDate "2014.07.16"]
[SourceVersion "1"]
[SourceVersionDate "2014.07.16"]
[SourceQuality "1"]

1. e4 e5 2. Nc3 Nf6 3. f4 exf4 4. e5 Ng8 5. Nf3 d5 6. d4 g5 7. h4 g4 8. Ng1 Be7 9. Bxf4 Bxh4+ 10. g3 Be7 11. Bg2 c6 12. Qd2 Bf5 13. Nd1 Qb6 14. Ne2 h5 15. Ne3 Qxb2 16. 0-0 Bc8 17. Rab1 Qa3 18. c4 dxc4 19. Nxc4 Qa6 20. Nd6+ Bxd6 21. exd6 Nd7 22. Qe3+ Kf8 23. Bg5 Kg7 24. Rxf7+ Kxf7 25. Rf1+ Kg7 26. Qe8 1-0

[Event "RD-2012-0-00081"]
[Site "LSS email"]
[Date "2013.04.06"]
[Round "?"]
[White "Mena, Meza"]
[Black "Piacentile, Carmine"]
[Result "0-1"]
[WhiteElo "1500"]
[BlackElo "1558"]
[PlyCount "40"]
[EventDate "2012.11.28"]
[EventType "tourn (corr)"]
[EventRounds "6"]
[EventCountry "GER"]
[SourceTitle "Telechess CBM 161"]
[Source "ChessBase"]
[SourceDate "2014.07.16"]
[SourceVersion "1"]
[SourceVersionDate "2014.07.16"]
[SourceQuality "1"]

1. e4 e5 2. Nf3 Nc6 3. Bb5 Nf6 4. 0-0 Nxe4 5. Qe2 Ng5 6. Bxc6 bxc6 7. Nxe5 Ne6 8. Qf3 Qf6 9. Qxf6 gxf6 10. Ng4 f5 11. Ne3 f4 12. Nf5 f6 13. d3 Rb8 14. Nd2 Rb5 15. Nh4 Kf7 16. Nhf3 Rg8 17. Re1 Bb4 18. c3 Bf8 19. a4 Rd5 20. d4 c5 0-1

[Event "OP-2013-0-02711"]
[Site "LSS email"]
[Date "2013.04.03"]
[Round "?"]
[White "Vontina, Maria"]
[Black "Mena, Meza"]
[Result "1-0"]
[WhiteElo "772"]
[BlackElo "1500"]
[PlyCount "47"]
[EventDate "2013.03.29"]
[EventType "tourn (corr)"]
[EventRounds "4"]
[EventCountry "GER"]
[SourceTitle "Telechess CBM 161"]
[Source "ChessBase"]
[SourceDate "2014.07.16"]
[SourceVersion "1"]
[SourceVersionDate "2014.07.16"]
[SourceQuality "1"]

1. e4 e5 2. Nf3 Nc6 3. Bb5 f5 4. exf5 Qf6 5. 0-0 Nd4 6. Nxd4 exd4 7. Re1+ Be7 8. Bd3 Nh6 9. Qe2 d5 10. b3 Kd8 11. Bb2 Bc5 12. Qf3 c6 13. a4 Rf8 14. Na3 Qh4 15. Qg3 Qxg3 16. hxg3 Bxf5 17. Bxf5 Nxf5 18. d3 h5 19. Bc1 Bb4 20. Re2 Kd7 21. Bd2 Bxd2 22. Rxd2 Rae8 23. Rdd1 g5 24. Re1 1-0